Pla d'acció cultural de la Vallalta
Publicado:
Barcelona :
Diputació de Barcelona. Àrea de Cultura : Ajuntament de Sant Pol de Mar : Ajuntament de Sant Cebrià de Vallalta : Ajuntament de Sant Iscle de Vallalta ,
2005
Descripción Física:
80 p. : taules ; 30 cm
Colección:
Papers de treball ; 12
MARC
| LEADER | 00000nam a2200000Ia 4500 | ||
|---|---|---|---|
| 001 | 20939 | ||
| 008 | 160829s2005 xx 000 0 cat d | ||
| 080 | |a M-6-113 | ||
| 245 | |a Pla d'acció cultural de la Vallalta | ||
| 260 | |a Barcelona : |b Diputació de Barcelona. Àrea de Cultura : |b Ajuntament de Sant Pol de Mar : |b Ajuntament de Sant Cebrià de Vallalta : |b Ajuntament de Sant Iscle de Vallalta, |c 2005 | ||
| 300 | |a 80 p. : |b taules ; |c 30 cm | ||
| 490 | |a Papers de treball ; 12 | ||
| 651 | 0 | |a Sant Cebrià de Vallalta (Catalunya) |x Política cultural |9 55163 | |
| 651 | 0 | |a Sant Iscle de Vallalta (Catalunya) |x Política cultural |9 55164 | |
| 651 | 0 | |a Sant Pol de Mar (Catalunya) |x Política cultural |9 55165 | |
| 710 | 1 | |a Barcelona (Catalunya : Província). |b Àrea de Cultura |9 53536 | |
| 710 | |a Sant Pol de Mar (Catalunya). |b Ajuntament |9 53913 | ||
| 710 | 1 | |a Sant Cebrià de Vallalta (Catalunya). |b Ajuntament |9 54396 | |
| 710 | 1 | |a Sant Iscle de Vallalta (Catalunya). |b Ajuntament |9 55489 | |
| 901 | |a Arxiu | ||
| 942 | |n 1 | ||
| 952 | |0 0 |1 0 |4 0 |6 M6113 |7 1 |9 53107 |a Arxiu |b Arxiu |d 2016-12-01 |l 0 |o M-6-113 |p 20939 |r 2016-12-01 00:00:00 |w 2016-12-01 |y ARXIU | ||
| 999 | |c 56956 |d 56956 | ||